00597 a2200181 450000500170000001000340001702000260005103500130007703700090009008200060009924500180010526000310012327000620015430000200021694200250023699900190026195201350028020240807120236.0 aB-760136 Ch-En a9788128831171c175.00 aB-760136 bGift aS aJataka Tales/ aNew DelhibJunior Diamond  aX-30, Okhala Industrial Area Phase-II,bNew Delhie110020 av p.c24 cm(Hb) adplcCH2ddchSmJAT c204925d204925 001040708FICaMPbMPd2024-08-07eGift/6.8.24g175.00l0oS TWApB-760136r2024-08-07 00:00:00t1v175.00w2024-08-07yCHzGift